Harry Potter: le Sortilège d'Amnésie - Statistiques

Statistiques générales
  • Ce quiz a été pris 66 fois
    43 depuis la dernière actualisation
  • Le résultat moyen est 5 sur 7
Statistiques - réponses
Information Réponses % Correct
Formule Oubliettes
94%
Dernière apparition Harry Potter et les Reliques de la Mort
92%
Première apparition Harry Potter et la Chambre des Secrets
86%
Effet Efface la mémoire de la personne visée
72%
Personne l'ayant subit Gilderoy Lockhart
67%
Type de sort Enchantement
50%
Personnes du ministère qui en lancent aux moldus Oubliator
17%
Aucun quiz correspondant
Distribution des résultats
% des personnes avec chaque résultat
Percentile par nombre de réponses
Votre historique - résultats
Vous n’avez pas pris ce quiz depuis la dernière actualisation